000 00533nam a2200193 i 4500
001 80477
003 ES-MaACL
005 20250901034333.0
007 t|
008 041028s1971 sp ||||1| spa d
100 1 _aHill, Christopher.
_963696
245 1 3 _aLa revolución rusa /
_cChristopher Hill ; traducción Angel Abad.
250 _a[2ª ed.].
260 _aBarcelona :
_bAriel,
_c[1971]
300 _a215 p. ;
_c18 cm.
700 1 _aAbad, Ángel
_917894
852 _aES-MaACL
_jE-5984
_bR.90163
999 _c80477
_d80477